000 02476cam a22002294a 4500
005 20250605163942.0
008 250528s ||||||||||||||||||||||||d
035 _a15078
020 _a471056014
040 _aGR-AtMCL
_bgre
_dGR-AtMCL
_eAACR2
245 1 _aInternational Accounting and Multinational Enterprises / Fourth Edition
250 _a4th
260 _bJohn Wiley And Sons, Inc,
_c1997
300 _a700
505 0 _aIntroduction, International Dimensions of Accounting and Control, International Business and Multinational Strategy, Comparative Accounting and Harmonization, Accounting Systems in the Global Environment, International Patterns of Accounting Development, Comparative International Accounting Systems and Practices, Pressures for International Accounting Harmonization and Disclosure, International Financial Reporting Issues, International Business Combinations and Consolidations, International Accounting for Goodwill and Intengibles, International Segmental Reporting, Accounting for Price Changes and Inflation Internationally, International Financial Analysis, International Disclosure Trends and Financial Analysis, International Management Accounting Control, Management Control of Global Operations, International Product Costing and Transfer Pricing, International Taxation and Auditing and Future Issues, Name and Company and Subject Index.
520 _aIntroduction, International Dimensions of Accounting and Control, International Business and Multinational Strategy, Comparative Accounting and Harmonization, Accounting Systems in the Global Environment, International Patterns of Accounting Development, Comparative International Accounting Systems and Practices, Pressures for International Accounting Harmonization and Disclosure, International Financial Reporting Issues, International Business Combinations and Consolidations, International Accounting for Goodwill and Intengibles, International Segmental Reporting, Accounting for Price Changes and Inflation Internationally, International Financial Analysis, International Disclosure Trends and Financial Analysis, International Management Accounting Control, Management Control of Global Operations, International Product Costing and Transfer Pricing, International Taxation and Auditing and Future Issues, Name and Company and Subject Index.
700 1 _aGray Sidney J
_9917
700 1 _aRadebaugh Lee H
_9914
942 _cBK
999 _c677
_d677